=LDR 00000nam 2200000 4500 =001 INLIS000000000025017 =005 20130612123546 =008 ***********************************Ind** =035 ##$$0010-061300000025017 =041 ##$$a Ind =082 ##$$a 028.5 =090 ##$$a 028.5, Yud k =100 ##$$a Yudistira, Emha =245 ##$$a Kera yang dibohongi, Emha Yudistira =260 ##$$a [s.a] $b Jakarta =300 ##$$a 16 hlm, ilus, 21 cm =650 ##$$a Fiksi Kanak-Kanak =850 ##$$a NBPNMAT